Giáo trình luật dân sự Việt Nam

में बचाया:
ग्रंथसूची विवरण
मुख्य लेखक: Đinh, Văn Thanh
स्वरूप: पुस्तक
भाषा:Undetermined
प्रकाशित: Hà Nội Công an nhân dân 2007
विषय:
टैग : टैग जोड़ें
कोई टैग नहीं, इस रिकॉर्ड को टैग करने वाले पहले व्यक्ति बनें!
Thư viện lưu trữ: Trung tâm Học liệu Trường Đại học Cần Thơ
LEADER 00589nam a2200193Ia 4500
001 CTU_131070
008 210402s9999 xx 000 0 und d
020 |c 30000 
082 |a 346.597 
082 |b Th107/T1 
100 |a Đinh, Văn Thanh 
245 0 |a Giáo trình luật dân sự Việt Nam 
245 0 |c Đinh Văn Thanh, Nguyễn Minh Tuấn (chủ biên) 
260 |a Hà Nội 
260 |b Công an nhân dân 
260 |c 2007 
650 |a Civil law (vietnamese law) 
904 |i Hiếu 
980 |a Trung tâm Học liệu Trường Đại học Cần Thơ